000 00534nam a2200205Ia 4500
003 OSt
005 20220927104755.0
006 a|||||r|||| 00| 0
007 ta
008 220926b |||||||| |||| 00| 0 eng d
024 _a159897
037 _cReference Collections
040 _aRTL
_cRTL
_beng
041 _2eng
_aeng
082 _a"a14,3m73,N47.N85, M5.2"
245 0 _aBooks in Print
_b 1985-86
260 _c1985
942 _h"a14,3m73,N47.N85, M5.2"
_cCC
999 _c688632
_d688632